Statistics for NCAA College Teams by State: Arkansas

Click here to take the quiz!

General Stats

  • This quiz has been taken 45 times
  • The average score is 7 of 15

Answer Stats

% Correct
Division I-AArkansasRazorbacks
100%
Division I-AArkansas StateRed Wolves
95%
Division I-AALittle RockTrojans
82%
Division I-AACentral ArkansasBears
72%
Division I-AAArkansas-Pine BluffGolden Lions
67%
Division IIArkansas TechWonder Boys
62%
Division IISouthern ArkansasMuleriders
44%
Division IIHardingBisons
38%
Division IIIHendrixWarriors
31%
Division IIArkansas-MonticelloBoil Weevils
26%
Division IIHenderson StateReddies
26%
Division IIOuachita BaptistTigers
23%
Division IIILyonScots
21%
Division IIArkansas-Fort SmithLions
18%
Division IIIOzarksEagles
15%

Score Distribution

Percentile by Number Answered

Percent of People with Each Score

Your Score History

You have not taken this quiz